| 000 | 01064nam a22002175i 4500 | ||
|---|---|---|---|
| 001 | 68365 | ||
| 003 | ES-MaACL | ||
| 005 | 20230906170252.0 | ||
| 007 | t| | ||
| 008 | 940202s1874 sp ||||1| spa d | ||
| 100 | 1 |
_aGarcía Caballero, Félix. _954307 |
|
| 245 | 1 | 3 |
_aLa Corporación Facultativa de los Hospitales Generales de Madrid a la Sociedad Médica, organizada en el mismo establecimiento en noviembre de 1869 : _bmemorandum 1870 / _cpor el Dr. D. Félix García Caballero. |
| 260 |
_aMadrid : _b[s.n.], _c1874 ( _fImp., Estereotipia y Galvanoplastia de Aribau y Cª) |
||
| 300 |
_a57 p. ; _c23 cm. |
||
| 530 | _aDisponible en formato digital. | ||
| 610 | 0 | 0 |
_aCorporación Facultativa de los Hospitales Generales de Madrid. _9172119 |
| 650 | 4 |
_aHospitales- _zMadrid. _913482 |
|
| 852 |
_aES-MaACL _jT-163-F-3 |
||
| 856 |
_uhttp://bdh-rd.bne.es/viewer.vm?id=0000116897&page=1 _zBiblioteca Digital Hispánica |
||
| 856 |
_uhttps://bibliotecavirtualmadrid.comunidad.madrid/bvmadrid_publicacion/es/consulta/registro.do?id=1151 _zBiblioteca Digital de Madrid |
||
| 999 |
_c68365 _d68365 |
||